LIBRARY & INFORMATION CENTRE, KCAET, TAVANUR

ONLINE PUBLIC ACCESS CATALOGUE (OPAC)

Normal view MARC view
  • JEENA JOSEPH

Entry Personal Name

Number of records used in: 1

001 - CONTROL NUMBER

  • control field: 3883

003 - CONTROL NUMBER IDENTIFIER

  • control field: OSt

005 - DATE AND TIME OF LATEST TRANSACTION

  • control field: 20181114120023.0

008 - FIXED-LENGTH DATA ELEMENTS

  • fixed length control field: 181114|| aca||aabn | a|a d

040 ## - CATALOGING SOURCE

  • Original cataloging agency: OSt
  • Transcribing agency: OSt

100 ## - HEADING--PERSONAL NAME

  • Personal name: JEENA JOSEPH

670 ## - SOURCE DATA FOUND

  • Source citation: Work cat.: (OSt)15083: JEENA JOSEPH SARIGA S, Optimization of fertigation level and depth of lateral under subsurface drip irrigation for amaranthus
free website counter